| 000 | 01072nam a2200313 a 4500 | ||
|---|---|---|---|
| 001 | 40867 | ||
| 003 | BD-RjUL | ||
| 005 | 20211209053305.0 | ||
| 008 | 160511s1969 enk 000 0 eng d | ||
| 020 | _a0416157602 | ||
| 035 | _a(BD-RjUL) 40982 | ||
| 040 |
_aUKM _cUKM _dOCL _dEQO _d(BD-RjUL) _beng |
||
| 041 | 1 | _aeng | |
| 082 |
_a335.43 _218 _bDJU 1969 |
||
| 100 | 1 |
_aDjilas, Milovan, _d1911-1995 _96433 |
|
| 245 | 1 | 4 |
_aThe unperfect society : _bbeyond the new class / _cMilovan Djilas ; translated [from the Serbian MS.] by Dorian Cooke |
| 260 |
_aLondon : _bMethuen & Co Ltd, _c1969 |
||
| 300 |
_ax, 192 p. ; _c19 cm |
||
| 490 | 1 | _aUnwin books | |
| 500 | _aThis translation originally published, New York: Harcourt, Brace and World, 1969; London: Methuen, 1969 | ||
| 600 | 1 | 0 |
_aMarx, Karl, _d1818-1883. _9116694 |
| 650 | 0 |
_aCommunism _96435 |
|
| 650 | 0 |
_aCommunism and society _93178 |
|
| 650 | 0 |
_aCivilization, Modern _y1950- _96436 |
|
| 650 | 0 |
_aCommunism _zYugoslavia _96437 |
|
| 700 | 1 |
_aCooke, Dorian. _96438 |
|
| 830 | 0 |
_aUnwin books _9125773 |
|
| 942 |
_2ddc _cBK |
||
| 999 |
_c40867 _d40867 |
||